ARRUPE JESUIT UNIVERSITY

CORONAVIRUS -STOP THE SPREAD - CLEAN,DISINFECT,COVER

The degrees of knowledge (Record no. 4938)

MARC details
000 -LEADER
fixed length control field 00684nam a2200229Ia 4500
003 - CONTROL NUMBER IDENTIFIER
control field ARRUPE
008 - FIXED-LENGTH DATA ELEMENTS--GENERAL INFORMATION
fixed length control field 130227s9999 xx 000 0 und d
040 ## - CATALOGING SOURCE
Transcribing agency ARRUPELIB
050 ## - LIBRARY OF CONGRESS CALL NUMBER
Classification number BD162.M273 1981
100 ## - MAIN ENTRY--PERSONAL NAME
Personal name Maritain, Jacques
9 (RLIN) 24379
245 #4 - TITLE STATEMENT
Title The degrees of knowledge
260 ## - PUBLICATION, DISTRIBUTION, ETC. (IMPRINT)
Place of publication, distribution, etc Notre Dame
260 ## - PUBLICATION, DISTRIBUTION, ETC. (IMPRINT)
Name of publisher, distributor, etc University of Notre Dame Press
300 ## - PHYSICAL DESCRIPTION
Extent 500p.
300 ## - PHYSICAL DESCRIPTION
Other physical details 23 cm
440 ## - SERIES STATEMENT/ADDED ENTRY--TITLE
Title The collected works of Jacques Maritain: V.7
9 (RLIN) 24380
650 ## - SUBJECT ADDED ENTRY--TOPICAL TERM
Topical term following geographic name as entry element Christian life--1960 -
9 (RLIN) 24381
650 ## - SUBJECT ADDED ENTRY--TOPICAL TERM
Location of event Women--Prayerbooks and devotions--English
9 (RLIN) 24382
650 ## - SUBJECT ADDED ENTRY--TOPICAL TERM
Active dates Mayhall, Carole
9 (RLIN) 24382
700 ## - ADDED ENTRY--PERSONAL NAME
Personal name McInerny, Ralph M. (tr.)
9 (RLIN) 24383
942 ## - ADDED ENTRY ELEMENTS (KOHA)
Source of classification or shelving scheme Library of Congress Classification
Item type Monograph ( Printed materials)
Holdings
Withdrawn status Lost status Source of classification or shelving scheme Damaged status Not for loan Collection code Home library Current library Shelving location Date acquired Total Checkouts Full call number Barcode Date last seen Copy number Price effective from Koha item type
    Library of Congress Classification     Main Collection ARRUPE LIBRARY ARRUPE LIBRARY   27/02/2013   BD162.M273 46406512 02/09/2016 1 27/02/2013 Monograph ( Printed materials)
    Library of Congress Classification     Main Collection ARRUPE LIBRARY ARRUPE LIBRARY Main Collection 16/05/2016   BD162.M273 1981 46500007564 02/09/2016 2 16/05/2016 Monograph ( Printed materials)

 

Arrupe Library. PO Box MP320 Mt Pleasant, Harare, Zimbabwe
263 242 745411|librarian@aju.ac.zw